000 01102nam a2200241 a 4500
001 000038958
003 Ost
005 20260321073643.0
008 081117s2005 dr 000 0 spa d
020 _a9945406264
040 _aDO-SdBNP
_bspa
_cBNPHU
082 _a923.77295
_bH831B, 2005
100 1 _a Bosch, Juan,
_d1909-2001
_976555
245 1 0 _aMujeres en la vida de Hostos /
_cJuan Bosch.
250 _a6a. ed.
260 _aSanto Domingo :
_bAlfa & Omega,
_c2005.
300 _a76 p. ;
_c21 cm.
505 0 _tJuan Bosch y Hostos --
_tJuan Bosch ante Hostos --
_tMujeres en la vida de Hostos --
_tLas mujeres de la infancia --
_t¿Un amor en Puerto Rico? --
_tDoña Hilaria, o la lucha --
_tMarién --
_tLa rival afortunada de Marién --
_tCandorina, o el descubrimiento de América --
_tManolita, o la pasión --
_tCarmen Lastarria, o la fuga --
_tLos fantasmas del pasado --
_tInda, remanso y estímulo --
_tLas dos últimas amantes --
590 _aInventariado, 2020/MFF
600 1 0 _aHostos, Eugenio María de,
_d1839-1903
_91352
910 _aValidado. Control de calidad MFF
942 _2ddc
_cLBS1
999 _c38448
_d38448